MARC

LEADER 00000nam0a2200000 4500
001 185450
005 20231101223923.0
035 |a (RuTPU)RU\TPU\book\201152 
090 |a 185450 
100 |a 20101011d1914 k y0rusy50 ca 
101 0 |a rus 
102 |a RU 
105 |a y z 000zy 
200 1 |a Тибетские сказки и предания  |f Г. Н. Потанин 
210 |a Петроград  |c Типография Императорской Академии наук  |d 1914 
215 |a 436 с. 
225 1 |a Живая старина  |e 1912  |h Год XXI 
610 1 |a тибетская культура 
610 1 |a сказки 
610 1 |a предания 
686 |a Т3(5)  |v LBC/SL-A  |2 rubbk 
686 |a Ч611.68  |v LBC/SL-A  |2 rubbk 
700 1 |a Потанин  |b Г. Н.  |c русский естествоиспытатель  |c путешественник  |f 1835-1920  |g Григорий Николаевич  |2 stltpush  |3 (RuTPU)RU\TPU\pers\11248  |9 2489 
712 0 2 |a Императорское Русское Географическое Общество (ИРГО)  |2 stltpush  |3 (RuTPU)RU\TPU\col\16328 
801 1 |a RU  |b 63413507  |c 20101011 
801 2 |a RU  |b 63413507  |c 20111205  |g RCR 
942 |c BK